Inovations Connected to Methanol in the Service of Blue economy

Model modrej ekonomiky inšpirovaný prírodou a jeho hlavná úloha vyvíjať inovatívne metódy založené na využívaní dostupných zdrojov a využívaní riešení založených na prírode. Hľadanie možnosti implementácie v štruktúre miestnych ekonomík. Cieľom je s niektorými metódami, ktoré nám dáva príroda, preko...

Descrizione completa

Salvato in:
Dettagli Bibliografici
Autore principale: Toth, Judith
Altri autori: Szlovák, Sandor, Magda, Róbert
Natura: Capitolo di libro
Lingua:inglese
Soggetti:
Tags: Aggiungi Tag
Nessun Tag, puoi essere il primo ad aggiungerne!!

MARC

LEADER 00000naa a2200000 4500
001 0258680
005 20191002151547.1
041 0 |a eng 
044 |a SK 
245 1 0 |a Inovations Connected to Methanol in the Service of Blue economy  |c Judith Toth, Sandor Szlovák, Róbert Magda 
520 |a Model modrej ekonomiky inšpirovaný prírodou a jeho hlavná úloha vyvíjať inovatívne metódy založené na využívaní dostupných zdrojov a využívaní riešení založených na prírode. Hľadanie možnosti implementácie v štruktúre miestnych ekonomík. Cieľom je s niektorými metódami, ktoré nám dáva príroda, prekonať určité problémy ľudstva - napríklad výrobu a spotrebu energie. Metanol a jeho kľúčová úloha pri dosahovaní udržateľnosti, pokiaľ ide o prírodu, hospodárstvo a spoločnosť. 
610 2 0 |a ekonomika modrá 
610 2 0 |a príroda 
610 2 0 |a inovácie environmentálne 
610 2 0 |a inovácie technologické 
610 2 0 |a ekonomika regionálna 
610 2 0 |a zdroje energetické 
610 2 0 |a zdroje energie prírodné 
100 1 |a Toth, Judith 
700 1 |a Szlovák, Sandor 
700 1 |a Magda, Róbert